000
00207 a2200097 4500
001
11123
100
_a
Symonds, R.
245
_a
The Making of Pakistan
260
_a
_b
Faber & Faber
_c
090
_c
8678
_d
8678
942
_a
NUST-CAE
_c
M
_c
35464
999
_c
246196
_d
246196